[Event "Maplewood Qualifier"]
[Site "?"]
[Date "2024.06.01"]
[Round "3"]
[White "Atanasov, Anthony"]
[Black "Guillemette, Hugo"]
[Result "1-0"]
[WhiteElo "2489"]
[BlackElo "2171"]
[Annotator "Anthony Atanasov"]
[PlyCount "113"]
[EventDate "2024.06.01"]
[SourceTitle "Chess Canada '24.08"]
[Source "CFC/John Upper"]
[SourceDate "2024.08.27"]
[SourceVersion "1"]
[SourceVersionDate "2024.08.21"]
[SourceQuality "1"]

{[%mdl 32768] In the third round I had the white pieces against another lower
rated. I wasn't fooled by my opponent's rating - he had just defeated an IM in
the previous round.} 1. e4 c5 2. Nf3 e6 3. d4 cxd4 4. Nxd4 Nc6 {[#]} 5. Nc3 ({
I didn't really have any reason not to repeat the move order that I went for
in round 1. This order would have in fact avoided what happened in the game.} 
5. a3 Qc7 6. Be3 Nf6 (6... a6 7. c4) 7. Nc3 a6 8. f4 b5 $2 9. e5 $1 $16) 5...
Qc7 6. a3 a6 7. Be3 b5 {The main point of a3 is to prevent ...b5 happening
entirely, so I'm not exactly sure what I was going for with this move order.}
8. f4 Bb7 9. Nxc6 {[#] To be honest I didn't really know what I was doing here.
I didn't   want to allow ...Nxd4, but in this case I could have just moved the
knight away instead of trading. Now Black is totally fine.} Bxc6 ({I prefer
black's position after} 9... dxc6 {The computer says the only way for white
not to be worse involves giving up a piece, and I'm not surprised.} 10. a4 Rd8
11. Bd3 c5 12. axb5 c4 13. bxa6 Ba8 14. Ra4 cxd3 15. cxd3 $11) 10. Qd4 {
Quite unnecessary, perhaps better would have been just Bd3 and 0-0.} Rc8 (10...
Nf6 {This was a strong alternative} 11. Be2 Be7 12. O-O O-O 13. Rad1 Rfd8 $15 {
...d5 and ...Ne4 comes next, with advantage to black.}) 11. Be2 Nf6 {[#]} 12.
g4 $2 {This move loses material.} (12. O-O Be7 13. e5 Nd5 14. Nxd5 Bxd5 15. c3
$11) 12... d5 $2 (12... Qb7 $1 13. Bf3 b4 14. axb4 Bxb4 $17 {The e4-pawn will
fall.}) 13. e5 $2 {Once again giving black an advantage.} (13. exd5 $142 {
To be fair, this move doesn't look pleasant for white   either.} Nxd5 14. Nxd5
Bxd5 15. Rf1 {This is white's only way to remain equal, and it's quite
difficult to see in advance. 0-0 would have run into ...Qc7 setting up ...Bc5
or even ...Bc5 outright. With the king still on e1, ...Bc5 can be met with
Qxg7 hitting the R and ...Bxe3 is not check.}) {[#]} 13... Ne4 $6 {This came
as a pleasant surprise.} (13... Nd7 {While the position may look fine at first
glance, white is   in serious trouble here.} 14. Rf1 Be7 {A major issue for
white here is where to put the king. 0-0-0 runs into an attack with ...Rb8 and
...b4, while Kf2-g1 would run into pawn breaks like ...g5 or ...f6.}) 14. Nxe4
dxe4 15. O-O Bd5 $6 {I was happy to see this move. Now white will get a
pleasant endgame. I think the normal developing 15...Be7 would've been more
accurate. Probably followed by ...0-0 and ...Rfd8 next.} 16. a4 Bc5 {[#]} 17.
Qxc5 Qxc5 18. Bxc5 Rxc5 19. c3 $14 {White's has an edge here due to the
control of the dark squares, and   black having a couple weak pawns.} O-O 20.
axb5 axb5 21. Kf2 {[#]} f6 {Instead of this, black had a nice concrete way of
undermining white's pawns with} (21... Bc4 22. Ra5 e3+ $1 23. Kxe3 Bxe2 24.
Kxe2 g5 $11) 22. Ke3 b4 23. Kd4 $2 {Unnecessary. The simple} (23. cxb4 {
gives white a clear advantage.} Rc2 24. Rfc1 Rxb2 25. Rab1 $16) 23... Rfc8 {[#]
} 24. Rfc1 $2 {I totally overlooked my opponent's next move.} (24. Ba6 {
Inserting this move first before Rfc1 was my initial consideration, but I
ended up dismissing it after finding several ways for black to equalize. If it
weren't for ...g5, Rfc1 would have given White an advantage.} R8c7 25. Rfc1 g5
26. fxg5 fxe5+ 27. Kxe5 bxc3 28. bxc3 Rxc3 29. Rxc3 Rxc3 $11) 24... g5 $1 {
Undermining the f4 pawn - now white's structure falls apart. After this
elementary oversight, white is the one fighting for a draw.} 25. fxg5 {Note
that I can't switch back to the Ba6 move order:} (25. Ba6 gxf4 {the rook can't
be captured in view of ...Rc4#.}) 25... fxe5+ 26. Ke3 bxc3 27. b4 R5c7 {
[#] Black's tripled pawns are actually incredibly strong here.} 28. Ra3 c2 29.
b5 {All of white's pieces are tied down here, so black's best course of action
is probably to just activate the king.} Rf7 30. b6 Rcf8 {[#] This allows the b
for c pawn trade which is exactly what white wants.  Had the rook stayed on c8
I don't see a way for white to achieve this, since the a3 rook has a hard time
getting to the c2 pawn: Ra4-b4-b2 is too slow and would've allowed ...Rc3+.}
31. Rc3 Rb8 32. R1xc2 Rxb6 33. h4 {The tripled pawns aren't as useful now, in
fact they sort of cut off black's bishop from the defense on the kingside.} Rb1
34. h5 Kg7 35. Rc1 Rbb7 36. Ra3 Rb2 37. Rc8 {[#]} Rfb7 $2 {Things were already
getting tricky for black to defend.} (37... h6 {was required.} 38. g6 Rd7 {
White still has a couple ways of trying to press this position. It seems the
way for Black to defend here is bringing the king to g5 to stop white from
breaking through with g5, and then keeping the rooks on the seventh rank.} 39.
Rac3 Rbb7 40. Kf2 Kf6 (40... Ra7 $2 41. g5 hxg5 42. Kg3 $18) 41. Rf8+ Kg5 42.
Kg3 Ra7 43. Bf1 Rab7 44. Rh8 Ra7 45. Rf8 Rab7 46. Re3 Ra7 47. Rf2 {It's still
not easy. Black can't defend the e4 pawn, so the defense involves meeting the
eventual Bxe4 with ...Rf4.} Rd8 48. Bg2 Ra4 49. Rfe2 Rf8 50. Bxe4 Rf4 $11) 38.
h6+ Kf7 39. Rh8 R7b3+ 40. Rxb3 Rxb3+ 41. Kd2 (41. Kf2 $2 e3+ 42. Kg3 Be4 $11)
41... Rb2+ (41... e3+ 42. Kc2 {Preventing Be4.}) 42. Ke3 $2 {I repeated moves
here to gain extra time, but missed a win.} (42. Ke1 $1 Rb1+ 43. Bd1 Bb3 44.
Rxh7+ Ke8 {Otherwise Rd7.} 45. g6 Rxd1+ 46. Ke2 $18 {The extra bishop is
useless here as white is going to promote.}) 42... Rb3+ 43. Kd2 Rb2+ {[#]} 44.
Kd1 $4 {Allows black a drawing resource.} (44. Ke1 Rb1+ 45. Bd1 $18 {Same line
as shown above.}) 44... Bb3+ $4 ({After a long series of only-moves, black can
salvage a draw here, starting with:} 44... e3 $1 45. Rxh7+ $8 {(editor -
otherwise ...Bb3+ wins easily)} Kg8 46. Rg7+ Kh8 $8 47. g6 Rb1+ $8 48. Kc2 Be4+
$8 49. Bd3 e2 $8 50. Re7 {Analysis Diagram [#]} Rc1+ $8 {Note the importance
of getting the king further from the e2 pawn:} (50... Bxg6 $4 51. Bxg6 Rb8 (
51... Rc1+ 52. Kd3 $18) 52. Kd2 $18) 51. Kb2 Bxg6 $8 52. Bxg6 Rc8 $8 {
Promotion cannot be stopped. Note that all three of black's tripled pawns play
a key role here: e2 promotes, and e6 and e5 block the rook from getting to the
e2 pawn (if either of them weren't there, the other pawn would be taken,
winning for White).} 53. Rh7+ Kg8 54. Rg7+ Kh8 55. Rh7+ $11) 45. Ke1 Rb1+ 46.
Kd2 $8 {[#]} (46. Kf2 $4 e3+ $8 47. Kxe3 Bc2 $8 $11) 46... Rb2+ (46... e3+ {
This was a more interesting try, but it still loses.} 47. Kd3 $1 {The only
move that wins: staying close to the e3 pawn without allowing the ...Bc2
defense.} (47. Kxe3 $4 Bc2 {=}) (47. Kc3 $4 Bd1 $1 {This line is quite
fascinating, as all black's moves are only-moves.} 48. Rxh7+ Kg8 49. Rg7+ Kh8
50. Bd3 e2 51. Kd2 e1=Q+ 52. Kxe1 Bc2+ 53. Kd2 Bxd3 54. Kxd3 Rb4 55. Ke3 Rxg4 {
Interestingly, this endgame is holding for black only due to a stalemate
involving the white rook on g7. White can win both of     black's pawns by
putting black in zugzwang.} 56. Ke2 Rg2+ 57. Kf3 Rg1 58. Kf2 Rg4 59. Ke3 e4 60.
Kf2 e5 {Both of these pawn pushes were forced.} 61. Ke3 Rf4 62. Re7 Rg4 63.
Rxe5 Kh7 64. Re7+ Kg8 65. Rg7+ Kh8 66. Kd4 e3+ 67. Kxe3 Re4+ $11)) 47. Ke3 Bd5
48. Rxh7+ Kg8 {[#]} 49. g6 ({editor - White has another way to win, but apart
from Karpov it is unlikely to occur to any human with the R on the 7th: trade
Rs and win the same colour B endgame! e.g.} 49. Rc7 Rb3+ {Black has to stop
White getting two pawns on the 6th with g5-g6} (49... Rb7 50. Rxb7 $8 $18) 50.
Kf2 Rh3 {eyeing h6 stops g5-g6} 51. Kg2 Rh4 52. Rc1 $1 {threatening to win the
R with Kg3} e3+ $8 {saving the R} 53. Kg3 Rh1 54. Rxh1 Bxh1 55. Bf3 $1 {
simplest} e2 $8 56. Bxe2 $18 {and the weakness of the tripled pawns tells,
since White's K can't be kept out for long,}) 49... Rb3+ 50. Kf2 Rh3 {A
resourceful trick - setting up ...e3+} 51. Kg2 Rh4 52. Rg7+ Kh8 {[%mdl 64] [#]
Critical Position} 53. g5 $4 {Threatens to move the rook and give mate, but it
allows a draw.} (53. Rh7+ $8 Kg8 54. Kf2 Rh3 55. g5 $1 {looks like it walks
into a mating net, but White wins with precise play:} e3+ 56. Ke1 Rh1+ 57. Bf1
Bc4 58. Rf7 e2 59. h7+ Rxh7 (59... Kh8 60. Rf8+ Kg7 61. Rg8# {thank you,
doubled g-pawns!}) 60. gxh7+ Kxf7 61. Bxe2 $18 Kg7 62. Bxc4 Kxh7 63. Bd3+ $8
$18) 53... e3+ $8 54. Kg3 Ra4 $4 {Both my opponent and I completely overlooked
black's drawing resource here!} (54... Rh1 $8 $11 {and the ...Rg1-h1 perpetual
check is unstoppable. editor - ... though it's not a simple perp if White
risks playing with fire:} 55. Bf3 $5 Rg1+ 56. Kh4 (56. Kh2 Rxg5 $11) 56... Rh1+
$8 57. Bxh1 e2 $11 {White can't stop the e-pawn from promoting, but Stockfish
sees only 0.00:} 58. Rh7+ Kg8 59. Rg7+ Kf8 60. Rf7+ Ke8 61. Bxd5 e1=Q+ 62. Kh3
exd5 63. h7 $11 {and Black has to give the perpetual}) 55. Rf7 Ra8 56. g7+ Kh7
57. Rf8 {A chaotic game with a lot of blunders from both sides.} 1-0

[Event "Maplewood Qualfiier"]
[Site "?"]
[Date "2024.06.01"]
[Round "4"]
[White "Preotu, Razvan"]
[Black "Atanasov, Anthony"]
[Result "0-1"]
[WhiteElo "2532"]
[BlackElo "2489"]
[Annotator "Anthony Atanasov"]
[PlyCount "100"]
[EventDate "2024.05.31"]
[SourceTitle "Chess Canada '24.08"]
[Source "CFC/John Upper"]
[SourceDate "2024.08.27"]
[SourceVersion "1"]
[SourceVersionDate "2024.08.21"]
[SourceQuality "1"]

{[%mdl 32768][%evp 0,100,18,15,26,-10,7,9,23,25,17,19,19,26,26,10,7,7,6,5,7,9,
10,-23,7,18,25,26,32,26,35,35,79,59,59,21,66,53,59,65,39,47,29,23,43,30,33,21,
102,102,100,110,103,115,181,178,185,197,218,218,229,242,225,247,230,253,247,
253,262,287,293,300,313,233,242,232,231,231,231,231,278,231,242,224,410,417,
424,429,435,505,666,681,1136,521,645,0,0,-29993,-29994,-29995,-29996,-29997,
-29998] In round 4 I had the black pieces vs GM Razvan Preotu. I wasn't
planning on taking too much risk in this game, as was the last game of a
3-round day and I felt like I wasn't going to play very well.} 1. Nf3 {I
noticed higher rated players tend to avoid playing 1. e4 against me,
presumably due to wanting to avoid the Petrov.} d5 2. g3 e6 {In the Candidates
Rapid 2024, I played 2...Bf5 against him in this position. I quickly achieved
a good position, so his repetition of this line suggested he had reviewed it
and prepared a response if I played the same way. So, I decided to change
things up with 2...e6.} 3. Bg2 c5 4. O-O Nf6 {[#]} 5. d3 (5. d4 {I was more
worried about this move, after which I'd have to remember some theory to avoid
getting into a dangerous position.}) (5. c4 {I think this is generally
considered to be white's best move here.} d4 6. e3 Nc6 7. d3 Bd6 8. exd4 cxd4
9. Bg5 {With a balanced game.}) 5... Nc6 6. Bf4 $5 {A pretty unique move in
this position, I am now out of book.} Bd6 7. Bxd6 Qxd6 8. Nbd2 e5 9. e4 d4 {
We've now reached a Kings Indian structure, but with colours reversed and no
dark squared bishops. With best play black should be slightly better, but I
quickly misplayed the position.} 10. Nc4 Qc7 11. c3 {[#]} Be6 $2 {This move is
just too slow, and allows white to immediately pose   black some concrete
problems.} (11... Bg4 {was the correct move. Black needs to avoid cxd4 cxd4 at
all costs, as black's pieces are poorly placed for an open c-file. But if now}
12. cxd4 $6 Bxf3 $1 13. Bxf3 Nxd4 {Black has a clear positional advantage.})
12. cxd4 cxd4 (12... Bxc4 13. dxe5 {If it wasn't for this move, black could
keep the c-file closed and would be doing well after dxc4 Nxd4.}) 13. Rc1 Nd7
14. b4 $1 {It's important for white to start posing problems before black
castles and consolidates.} Bxc4 15. Rxc4 b5 (15... Qd6 16. b5 {is not too fun
for black either.}) 16. Rc2 Qd6 {[#]} 17. Qb1 $2 {The position demanded that
white play a bit faster.} (17. Bh3 $1 O-O 18. Bxd7 Qxd7 19. Rc5 Qe6 20. Qb1
Rab8 {Despite equal material for the time being, black is pretty much lost
here. White has full control over the only open file, and black is stuck to
passively defending weak pawns. If white finds a few precise moves, black's
position should fall apart.}) 17... Nxb4 18. Rb2 Na6 19. Rxb5 Nac5 $2 {I
underestimated how powerful Bh3 is going to be here.} (19... Ndc5 {would have
been better, as this avoids Bh3. The knights are actually quite nice here, as
they guard quite a few key squares.}) 20. Bh3 O-O 21. Bxd7 Nxd7 22. Rd5 {
[#] Here is where I realized my position was indefensible and I should just go
for counterplay.} Qf6 23. Kg2 Rab8 24. Qe1 $1 {Now the queen is threatening to
go to a5, where black will not be   able to defend all the pawns.} Qc6 25. Qc1
$1 {Another precise move.} Qa4 26. Qc7 $18 {At this point, I am just playing
for tricks. It's the end of a 3-round day though, so I knew anything could
still happen.} Nf6 27. Ra5 {[#] I found a way to lose both the e5 and a7 pawns
for nothing in return.   To make matters worse, white still had about 20
minutes here.} Qb4 28. Rxa7 Qb5 29. Nxe5 Rbc8 30. Qa5 Qb2 31. a4 h5 {[#]
White's pieces are quite far from the king, so I knew my best shot   here was
to try to create counterplay with ...h5-h4-h3.} 32. h3 Qe2 33. Re1 Qa2 34. Qb4
h4 35. g4 Rcd8 {[#] Up to this point, white's technique has been excellent,
giving Black little to no chances at counterplay. Now white should simply play
Qc4 and force a winning endgame.} 36. Nc6 (36. Qc4 Qxc4 37. Nxc4 {There is no
counterplay left for black -- white will certainly win.}) 36... Nd5 $1 {
Now black starts to get some counterplay,} 37. Qb1 {While this move is
objectively best, I think it takes unnecessary risk that moves like Ne7+ or
exd5 wouldn't have allowed.} (37. exd5 Qxd5+ 38. Re4 Qxc6 39. Qb5 {is still
totally winning, and it doesn't take much risk. Black's rooks are very passive,
and white's king is very safe.}) 37... Nf4+ 38. Kf3 {The idea of Qb1: now
black either loses material or trades queens.} Qd2 39. Qd1 Qa2 40. Qb1 Qd2 (
40... Qe6 41. Ne7+ Kh8 42. Kxf4 $18 {and black has nothing. The knight will
return to f5 and white's king can safely retreat.}) 41. Qc1 {[#]} Qxd3+ {
Both sides have 1 minute left here. Although completely lost, black now has
some pretty serious chances at pulling off a swindle, due to White's
vulnerable king.} 42. Kxf4 Rd6 43. Ne7+ Kh7 44. Nf5 {Unfortunately for me, he
found the best defense here. The knight on f5 shields the king very well, so I
had to get desperate.} g5+ {There wasn't really another choice for black, as
if white gets even one move to consolidate, it's game over.} 45. Kxg5 Qf3 {
[#] When I played this move (with 3 seconds left) I believed the rook on d6
could not be captured due to 46...Rg8+ 47.Kxh4 Kg6, with ...Rh8 to   follow.
However, this is not the case for multiple reasons:  1) ...Rg8+ can simply be
met with Kh5,    2) ...Kg6 can be met with Kg5+, both winning for White.} 46.
Rf1 $2 {Still winning, but a step in the wrong direction, as Nxd6 ended the
game. White didn't take the rook on d6 because he didn't notice that the rook
was hanging. This is actually a pretty easy mistake to make, because Nf5 had
other purposes besides attacking the rook. We were also both pretty tired
after a long day, so mistakes like these can happen.} (46. Nxd6 Rg8+ 47. Kh5
$18 {The engine is keen to announce that white also has mate in 8 here... :D})
46... Rg6+ 47. Kxh4 $4 {Now the position is equal, and only because of white
having a resource that's difficult to find.} (47. Kh5 $1 {ends the game} Rh8
48. Rxf7+ Kg8+ 49. Kxg6 $18 {is the point of having the king on h5.}) 47... Rh8
{[%mdl 64] [#]Critical Position} 48. Ng3 $4 {Now black has mate! White's
defense wasn't obvious:} ({editor - Black is threatening ...Kg8, and doesn't
need the hint} 48. Rxf7+ $2 Kg8+ $19) (48. Ra6 $8 {Amazingly, this move still
holds for white.} d3 (48... f6 49. Rxf6 Rxf6 50. Qg5 Rg6 51. Qh5+ Kg8 52. Ne7+
Kg7 53. Nf5+ Kg8 54. Ne7+ $11) (48... Kg8+ 49. Nh6+ Rhxh6+ 50. Qxh6 Rxh6+ 51.
Rxh6 Qe2 52. Rb1 Qxf2+ 53. Kh5 $11) (48... Rxa6 49. Qg5 Rg6 50. Qh5+ Kg8 51.
Ne7+ Kg7 52. Nf5+ Kg8 $11) 49. Ra8 Rxa8 50. Qe3 $1 {The only reason 48...d3
didn't win is because it carved out the e3 square for the queen. But White
still has to find quite a few only-moves to save the game.} Qg2 51. Rd1 $8 Rh8
52. Ng3 $8 Rhg8 53. Qf4 $8 Rxg4+ 54. Qxg4 $8 Rxg4+ 55. Kxg4 $8 (55. hxg4 $2 Qf3
$19) 55... Qxf2 56. Rxd3 $11) 48... Kg7+ 49. Nh5+ Rxh5+ 50. gxh5 (50. Kxh5
Qxh3#) 50... Qf6+ {One of the most chaotic games I've played, though the move
quality left much to be desired.} 0-1